[Event "Stuttgart-chB int"]
[Site "Ditzingen"]
[Date "2006.05.28"]
[Round "7"]
[White "Boese, Martin"]
[Black "Koss, Dietrich"]
[Result "1/2-1/2"]
[WhiteElo "1608"]
[BlackElo "1768"]
[PlyCount "75"]
[EventDate "2006.05.25"]
[EventType "swiss"]
[EventRounds "7"]
[EventCountry "GER"]
[SourceTitle "EXT 2018"]
[Source "ChessBase"]
[SourceDate "2017.10.13"]
[SourceVersion "1"]
[SourceVersionDate "2017.10.13"]
[SourceQuality "1"]

1. d4 d5 2. c4 c6 3. Nc3 e5 4. dxe5 d4 5. Ne4 Qa5+ 6. Bd2 Qxe5 7. Ng3 c5 8. Nf3 Qc7 9. e3 dxe3 10. Bxe3 Nf6 11. Bd3 Nc6 12. 0-0 Be7 13. Re1 0-0 14. a3 Bg4 15. h3 Bxf3 16. Qxf3 Ne5 17. Qe2 Nxd3 18. Qxd3 Rad8 19. Qc2 Bd6 20. Ne4 Nxe4 21. Qxe4 Rfe8 22. Qc2 Bh2+ 23. Kh1 Be5 24. Rab1 Re6 25. b4 cxb4 26. axb4 b6 27. c5 Rde8 28. Rec1 bxc5 29. Qxc5 Qxc5 30. Bxc5 Bf4 31. Rd1 a6 32. g3 Bg5 33. Rd6 Rxd6 34. Bxd6 Rd8 35. Bc5 f5 36. Ra1 Rb8 37. Rxa6 Bd2 38. Rb6 1/2-1/2

[Event "Ulm/Neu Ulm-ch"]
[Site "Ulm/Neu Ulm"]
[Date "2004.09.17"]
[Round "1"]
[White "Boese, Martin"]
[Black "Hoffart, Alexander"]
[Result "0-1"]
[WhiteElo "1550"]
[BlackElo "1872"]
[PlyCount "52"]
[EventDate "2004.09.17"]
[EventType "swiss"]
[EventRounds "7"]
[EventCountry "GER"]
[SourceTitle "EXT 2011"]
[Source "ChessBase"]
[SourceDate "2010.11.26"]
[SourceVersion "1"]
[SourceVersionDate "2010.11.26"]
[SourceQuality "1"]

1. d4 Nf6 2. c4 g6 3. Nc3 Bg7 4. e4 d6 5. f4 0-0 6. Nf3 Bg4 7. h3 Bxf3 8. Qxf3 Nc6 9. Be3 e5 10. d5 exf4 11. Qxf4 Ne5 12. 0-0-0 Nh5 13. Qf2 f5 14. Qe1 f4 15. Bf2 f3 16. g3 b6 17. Kc2 Qe7 18. Rg1 Rae8 19. Kb3 Nd7 20. Qd2 Nc5+ 21. Bxc5 bxc5 22. Bd3 Bd4 23. g4 Nf4 24. Rg3 Ng2 25. Rxg2 fxg2 26. Qxg2 Rf2 0-1